Presidents by Height - Statistics

General Stats
  • This quiz has been taken 54 times
  • The average score is 31 of 45
Answer Stats
Picture Hint Answer % Correct
6 ft. 4 Abraham Lincoln
100%
6 ft. 1 1/2 Barack Obama
94%
6 ft. 2 1/2 Bill Clinton
94%
6 ft. 3 Donald Trump
94%
6 ft. 1 1/2 George Washington
94%
6 ft. 2 George H.W. Bush
91%
6 ft. 3 1/2 Lyndon B. Johnson
91%
6 ft. Joe Biden
88%
6 ft. 1 John F. Kennedy
88%
6 ft. 1 Ronald Reagan
88%
5 ft. 10 1/2 Dwight D. Eisenhower
85%
5 ft. 11 1/2 George W. Bush
85%
5 ft. 11 1/2 Richard Nixon
85%
6 ft. 2 Franklin D. Roosevelt
82%
5 ft. 9 1/2 Jimmy Carter
82%
5 ft. 10 Theodore Roosevelt
79%
5 ft. 9 Harry S. Truman
76%
5 ft. 7 John Adams
76%
6 ft. 2 1/2 Thomas Jefferson
76%
6 ft. Gerald Ford
70%
5 ft. 11 Woodrow Wilson
70%
5 ft. 8 Ulysses S. Grant
64%
6 ft. 1 Andrew Jackson
61%
5 ft. 4 James Madison
61%
5 ft. 11 1/2 William Howard Taft
61%
6 ft. 2 Chester A. Arthur
58%
5 ft. 10 Franklin Pierce
58%
6 ft. James A. Garfield
58%
5 ft. 8 Zachary Taylor
58%
5 ft. 10 Andrew Johnson
55%
5 ft. 10 Calvin Coolidge
55%
5 ft. 11 1/2 Herbert Hoover
55%
5 7 1/2 John Quincy Adams
55%
5 ft.6 Martin Van Buren
55%
6 ft. Warren G. Harding
55%
5 ft. 8 William Henry Harrison
55%
6 ft. James Buchanan
52%
6 ft. James Monroe
52%
5 8 1/2 Rutherford B. Hayes
52%
5 ft. 6 Benjamin Harrison
48%
5 ft. 11 Grover Cleveland
48%
6 ft. John Tyler
48%
5 ft. 9 Millard Fillmore
48%
5 ft. 7 William McKinley
48%
5 ft. 8 James K. Polk
45%
No matching quizzes found
Score Distribution
Percent of People with Each Score
Percentile by Number Answered
Your Score History
You have not taken this quiz